000 01186nam a2200265 i 4500
001 170662
003 ES-MaACL
005 20250808062734.0
008 090327s1947 sp |||| | spa d
100 0 _aBuenaventura
_cSanto.
_932363
245 1 0 _aObras de San Buenaventura.
_nT. III /
_cedición dirigida, anotada y con introducciones por León Amorós, Bernardo Aperribay y Miguel Oromi.
260 _aMadrid :
_b[La Editorial Católica],
_c1947.
300 _a798 p. ;
_c20 cm.
490 1 _aBiblioteca de autores cristianos ;
_v9
505 8 _aContiene: Colaciones sobre el Hexaémeron o Iluminaciones de la Iglesia ; Del reino de Dios descrito en las parábolas del Evangelio ; Tratado de la plantación del paraíso
700 1 _aAmorós, León.
_9139672
700 1 _aAperribay, Bernardo.
_9139670
700 0 _aOromi, Miguel.
_9176624
740 0 _aColaciones sobre el Hexaémeron o Iluminaciones de la Iglesia.
740 0 _aDel reino de Dios descrito en las parábolas del Evangelio.
740 0 _aTratado de la plantación del paraíso.
830 0 0 _aBiblioteca de autores cristianos
_v9
_9178679
852 _aES-MaACL
_jJ-20
_9R.46092
999 _c170662
_d170662